[Event "Bad Woerishofen op"]
[Site "?"]
[Date "2003.??.??"]
[Round "2"]
[White "Vossenkuhl, Joachim"]
[Black "Kritz, Leonid"]
[Result "0-1"]
[WhiteElo "2166"]
[BlackElo "2484"]
[Annotator "ChessOrg"]
[PlyCount "76"]

1. Nf3 Nf6 2. c4 b6 3. g3 Bb7 4. Bg2 c5 5. O-O e6 6. Nc3 Be7 7. Re1 d6 8. e4 a6
9. d4 cxd4 10. Nxd4 Qc7 11. Be3 O-O 12. Rc1 Nbd7 13. f4 Rac8 14. b3 Qb8 15. g4
Qa8 16. Bf2 g6 17. g5 Nh5 18. Qg4 Rcd8 19. Nde2 Nc5 20. Rcd1 Nxe4 21. Bxb6 Nxc3
22. Nxc3 Rde8 23. Bxb7 Qxb7 24. Be3 Qc7 25. Ne4 d5 26. cxd5 exd5 27. Ng3 Bb4
28. Bd2 Bxd2 29. Rxe8 Rxe8 30. Rxd2 Qc1+ 31. Rd1 Qe3+ 32. Kh1 Nxf4 33. Rf1 Ne6
34. h4 Rc8 35. Rd1 Rc2 36. h5 Qf2 37. Nf1 Nxg5 38. hxg6 hxg6 0-1

[Event "Bad Woerishofen op"]
[Site "?"]
[Date "2003.??.??"]
[Round "2"]
[White "Kunin, Vitaly"]
[Black "Schiffer, Steve"]
[Result "1-0"]
[WhiteElo "2476"]
[BlackElo "2171"]
[Annotator "ChessOrg"]
[PlyCount "69"]

1. d4 g6 2. c4 c5 3. d5 d6 4. Nc3 Bg7 5. e4 Nf6 6. h3 O-O 7. Nf3 e6 8. Bd3 exd5
9. exd5 Re8+ 10. Be3 Bh6 11. O-O Bxe3 12. fxe3 Nbd7 13. Qd2 Ne5 14. Nxe5 Rxe5
15. Rf3 Nh5 16. e4 Ng7 17. g4 h5 18. Qf4 Qe7 19. Raf1 hxg4 20. Qxf7+ Qxf7 21.
Rxf7 gxh3 22. Rf8+ Kh7 23. R1f7 Rg5+ 24. Kh1 Rg3 25. Bf1 b6 26. Rc7 Bb7 27.
Rff7 Rg8 28. Rxb7 Kh6 29. e5 Re3 30. exd6 Nf5 31. Rh7+ Kg5 32. Bxh3 Nh6 33. Kg2
Rf8 34. Rbe7 Ref3 35. Ne4+ 1-0

[Event "Bad Woerishofen op"]
[Site "?"]
[Date "2003.??.??"]
[Round "2"]
[White "Otterstaetter, Stefan"]
[Black "Sandipan, Chanda"]
[Result "0-1"]
[WhiteElo "2165"]
[BlackElo "2464"]
[Annotator "ChessOrg"]
[PlyCount "64"]

1. d4 Nf6 2. c4 e6 3. Nf3 d5 4. e3 b6 5. Bd3 Bb7 6. O-O Nbd7 7. b3 Bd6 8. Bb2
O-O 9. Nbd2 Qe7 10. Qe2 Ne4 11. Rad1 a5 12. Ne5 Nxe5 13. dxe5 Ba3 14. Nxe4 dxe4
15. Bb1 a4 16. Bxa3 Qxa3 17. Rd7 Qc5 18. Qb2 Rfd8 19. Rd4 axb3 20. axb3 Rxd4
21. exd4 Qb4 22. Qe2 Qxb3 23. Bxe4 Ra2 24. Qg4 Bxe4 25. Qxe4 Qxc4 26. Qb7 h6
27. Qc8+ Kh7 28. Qd7 Rd2 29. Qxf7 Rxd4 30. f4 Rd2 31. Qh5 Qd4+ 32. Kh1 Rf2 0-1

[Event "Bad Woerishofen op"]
[Site "?"]
[Date "2003.??.??"]
[Round "2"]
[White "Donchenko, Anatoli"]
[Black "Moehring, Norbert"]
[Result "1-0"]
[WhiteElo "2463"]
[BlackElo "2166"]
[Annotator "ChessOrg"]
[PlyCount "55"]

1. Nf3 c5 2. c4 Nc6 3. d4 cxd4 4. Nxd4 d6 5. g3 g6 6. Bg2 Bd7 7. b3 Bg7 8. Bb2
Nf6 9. Nc3 O-O 10. O-O a6 11. e3 Bg4 12. Qd2 Qd7 13. Na4 Qc7 14. Rac1 Rfd8 15.
h3 Bd7 16. Nc3 Qa5 17. Qe2 Rab8 18. a3 Qc7 19. b4 Qc8 20. Nd5 Re8 21. Nb6 Qd8
22. Nxd7 Qxd7 23. Nxc6 bxc6 24. c5 Nd5 25. Bxg7 Kxg7 26. cxd6 exd6 27. Qxa6 Rb6
28. Qd3 1-0

[Event "Bad Woerishofen op"]
[Site "?"]
[Date "2003.??.??"]
[Round "2"]
[White "Kohlweyer, Bernd"]
[Black "Kugelmann, Werner"]
[Result "1-0"]
[WhiteElo "2454"]
[BlackElo "2165"]
[Annotator "ChessOrg"]
[PlyCount "103"]

1. d4 Nf6 2. c4 g6 3. Nc3 Bg7 4. e4 d6 5. Nge2 O-O 6. Ng3 e5 7. d5 a5 8. Be2
Na6 9. h4 h5 10. Bg5 Qe8 11. Qd2 Kh7 12. O-O-O Ng4 13. Bxg4 Bxg4 14. f3 Bd7 15.
Rde1 Nc5 16. Rhf1 b5 17. cxb5 Bxb5 18. Nxb5 Qxb5 19. Kb1 Rfb8 20. Rc1 a4 21.
Rc2 a3 22. Be3 axb2 23. Bxc5 dxc5 24. Rxb2 Qa4 25. Ka1 Bh6 26. Qc2 Qa5 27. Ne2
Be3 28. Rfb1 Rxb2 29. Rxb2 Qe1+ 30. Rb1 Qxh4 31. Qc4 Kg7 32. a4 Qf2 33. Ka2 Ra7
34. Rb2 Qe1 35. Rb1 Qf2 36. Rb2 Qe1 37. Rb1 Qa5 38. Ka3 Bd2 39. Qb5 Bb4+ 40.
Kb3 Qxb5 41. axb5 Kf8 42. d6 cxd6 43. Kc4 Rb7 44. Ra1 Ke7 45. Nc1 Kd7 46. Nd3
d5+ 47. exd5 f6 48. Ra6 Ke7 49. Re6+ Kf7 50. Nxc5 Bxc5 51. Kxc5 Rc7+ 52. Kd6
1-0

[Event "Bad Woerishofen op"]
[Site "?"]
[Date "2003.??.??"]
[Round "2"]
[White "Einwiller, Dieter"]
[Black "Prie, Eric"]
[Result "0-1"]
[WhiteElo "2153"]
[BlackElo "2446"]
[Annotator "ChessOrg"]
[PlyCount "86"]

1. d4 d5 2. Nf3 Nf6 3. Bf4 c5 4. c3 Qb6 5. Qb3 c4 6. Qxb6 axb6 7. Nbd2 b5 8. h3
h5 9. a3 Bf5 10. Rc1 Nbd7 11. Ng5 e6 12. Bc7 Be7 13. f3 h4 14. e4 Bg6 15. Bh2
Rh5 16. f4 Nxe4 17. Ngxe4 Bxe4 18. Nxe4 dxe4 19. Be2 Rd5 20. O-O Nb6 21. Bd1
Kd7 22. Rc2 f5 23. g4 hxg3 24. Bxg3 Rh8 25. Rh2 Rh6 26. h4 g6 27. h5 Kc6 28.
hxg6 Rxg6 29. Kf2 Rd8 30. Rh7 Rdg8 31. Rxe7 Nd5 32. Bh4 Rh8 33. Bg5 Nxe7 34.
Bxe7 Rh2+ 35. Ke1 Rg3 36. Rf2 Rg1+ 37. Rf1 Rg3 38. Rf2 Rg1+ 39. Rf1 Rgg2 40. b3
Rb2 41. bxc4 bxc4 42. a4 Rb1 43. Bf6 e3 0-1

[Event "Bad Woerishofen op"]
[Site "?"]
[Date "2003.??.??"]
[Round "2"]
[White "Schuster, Gerhard"]
[Black "Sprenger, Jan"]
[Result "0-1"]
[WhiteElo "2151"]
[BlackElo "2431"]
[Annotator "ChessOrg"]
[PlyCount "92"]

1. e4 g6 2. d4 Bg7 3. Nf3 d6 4. Bc4 c6 5. Bb3 Nf6 6. Qe2 O-O 7. O-O Bg4 8. Nbd2
e5 9. dxe5 dxe5 10. Nc4 Qe7 11. Bg5 h6 12. Bxf6 Bxf6 13. h3 Be6 14. Rfd1 Na6
15. c3 Nc5 16. Bc2 Bxc4 17. Qxc4 b5 18. Qe2 a5 19. a4 Rab8 20. axb5 Rxb5 21.
Ba4 Rb6 22. Qc4 Rfb8 23. b3 Bg7 24. Rdb1 Na6 25. Rd1 h5 26. g3 Nc5 27. Kg2 Bh6
28. h4 Kh7 29. Bxc6 Rxc6 30. b4 Qe6 31. Qxe6 Nxe6 32. bxa5 Rxc3 33. a6 Rc7 34.
Nxe5 Bg7 35. f4 Bxe5 36. fxe5 Rb2+ 37. Kg1 Ra7 38. Rd6 Rb5 39. Rc1 Rxe5 40. Rc4
Ra5 41. Rcc6 Ra2 42. Kf1 Kg7 43. e5 Ra5 44. Rb6 Rxe5 45. Rb7 Rxb7 46. axb7 Rb5
0-1

[Event "Bad Woerishofen op"]
[Site "?"]
[Date "2003.??.??"]
[Round "2"]
[White "Pirrot, Dieter"]
[Black "Galje, Hans"]
[Result "1-0"]
[WhiteElo "2411"]
[BlackElo "2148"]
[Annotator "ChessOrg"]
[PlyCount "39"]

1. e4 d5 2. exd5 Qxd5 3. Nc3 Qa5 4. d4 c6 5. Bc4 Bf5 6. Bd2 e6 7. g4 Bg6 8. h4
h6 9. d5 cxd5 10. Nxd5 Qd8 11. Nf4 Bh7 12. Qe2 Ne7 13. Nf3 Nbc6 14. Bc3 Qc7 15.
Ne5 Nxe5 16. Bxe5 Qa5+ 17. Bc3 Qc5 18. O-O-O a6 19. Nxe6 fxe6 20. Qxe6 1-0

[Event "Bad Woerishofen op"]
[Site "?"]
[Date "2003.??.??"]
[Round "2"]
[White "Kuempers, Ulrich"]
[Black "Klundt, Klaus"]
[Result "1/2-1/2"]
[WhiteElo "2147"]
[BlackElo "2381"]
[Annotator "ChessOrg"]
[PlyCount "139"]

1. d4 Nf6 2. c4 e6 3. Nf3 d5 4. Nc3 Be7 5. Bg5 h6 6. Bh4 O-O 7. e3 b6 8. cxd5
Nxd5 9. Nxd5 Bxh4 10. Nxc7 Bxf2+ 11. Kxf2 Qxc7 12. Rc1 Qd6 13. Qc2 Na6 14. Qe4
Qd5 15. Bd3 Qxe4 16. Bxe4 Rb8 17. Ne5 Bb7 18. Bxb7 Rxb7 19. a3 f6 20. Nd3 Rd7
21. Ke2 Rfd8 22. Rhd1 Kf7 23. b4 Nc7 24. a4 Nd5 25. b5 g5 26. Rc4 Ke7 27. g3
Kf7 28. e4 Ne7 29. Nb4 h5 30. Ke3 Re8 31. Rdc1 Nd5+ 32. Kd3 Nxb4+ 33. Rxb4 f5
34. Rbc4 Ke7 35. Rc7 Rf8 36. a5 fxe4+ 37. Kxe4 Rf5 38. axb6 axb6 39. Rxd7+ Kxd7
40. Rb1 g4 41. Rb2 Kd6 42. Rb3 Rf2 43. Rc3 Re2+ 44. Kd3 Rxh2 45. Rc6+ Kd5 46.
Rc8 Kd6 47. Rc6+ Ke7 48. Rxb6 Rg2 49. Rb7+ Kf6 50. b6 Rxg3+ 51. Kc2 Rf3 52. Ra7
Rf5 53. b7 Rb5 54. Ra5 Rxb7 55. Rxh5 g3 56. Rh1 Kg5 57. Kd3 Kg4 58. Rh6 Rg7 59.
Rxe6 g2 60. Re1 Kf3 61. Rg1 Kf2 62. Rxg2+ Rxg2 63. Ke4 Rg4+ 64. Ke5 Ke3 65. d5
Rg5+ 66. Ke6 Kd4 67. d6 Re5+ 68. Kf7 Kc5 69. d7 Rd5 70. Ke7 1/2-1/2

[Event "Bad Woerishofen op"]
[Site "?"]
[Date "2003.??.??"]
[Round "2"]
[White "Heika, Martin"]
[Black "Hanisch, Pavel"]
[Result "1-0"]
[WhiteElo "2355"]
[BlackElo "2144"]
[Annotator "ChessOrg"]
[PlyCount "55"]

1. e4 c5 2. Nf3 d6 3. c3 Nf6 4. Bc4 e6 5. Qe2 Be7 6. O-O O-O 7. d3 Nc6 8. Bb3
Rb8 9. Nbd2 Qc7 10. Re1 Nd7 11. Nf1 b5 12. Be3 b4 13. d4 bxc3 14. bxc3 Qa5 15.
Rac1 Ba6 16. Qd2 Qa3 17. e5 Na5 18. exd6 Bf6 19. Ng3 c4 20. Bd1 Rb2 21. Rc2
Rfb8 22. Ne4 Qxa2 23. Bg5 Rxc2 24. Bxc2 Rb2 25. Bxf6 gxf6 26. Nxf6+ Nxf6 27.
Qg5+ Kf8 28. Qxf6 1-0

[Event "Bad Woerishofen op"]
[Site "?"]
[Date "2003.??.??"]
[Round "2"]
[White "Valent, Peter"]
[Black "Werner, Clemens"]
[Result "0-1"]
[WhiteElo "2086"]
[BlackElo "2334"]
[Annotator "ChessOrg"]
[PlyCount "110"]

1. e4 e5 2. Nf3 Nc6 3. Bb5 Nf6 4. O-O d6 5. d4 Bd7 6. Nc3 Be7 7. Re1 exd4 8.
Nxd4 Nxd4 9. Bxd7+ Nxd7 10. Qxd4 Bf6 11. Qb4 Qc8 12. e5 dxe5 13. Nd5 c5 14.
Nxf6+ gxf6 15. Qg4 Qc6 16. f4 O-O-O 17. Be3 Rhg8 18. Qh3 f5 19. Re2 Rg4 20. Rf2
e4 21. Rd1 Nf6 22. Rxd8+ Kxd8 23. Rd2+ Ke7 24. c4 b6 25. Qh6 Qa4 26. b3 Qb4 27.
h3 Qc3 28. Re2 Qd3 29. Re1 Rg3 30. Bf2 Rg6 31. Qh4 Qc2 32. Kf1 Qxa2 33. g4 Qxb3
34. Rc1 Qd3+ 35. Kg1 fxg4 36. f5 gxh3+ 37. fxg6 hxg6 38. Re1 Qxc4 39. Qg5 Ke6
40. Bh4 Qd4+ 41. Kh2 Qe5+ 42. Qxe5+ Kxe5 43. Bxf6+ Kxf6 44. Rxe4 b5 45. Kxh3 c4
46. Re8 c3 47. Rb8 a6 48. Kg4 Ke5 49. Kf3 Kd4 50. Ke2 Kc4 51. Rc8+ Kb3 52. Kd3
b4 53. Ra8 Kb2 54. Rc8 a5 55. Rc5 f5 0-1

[Event "Bad Woerishofen op"]
[Site "?"]
[Date "2003.??.??"]
[Round "2"]
[White "Lieb, Harald"]
[Black "Walton, Alan"]
[Result "1-0"]
[WhiteElo "2336"]
[BlackElo "2144"]
[Annotator "ChessOrg"]
[PlyCount "59"]

1. d4 e6 2. Nf3 f5 3. g3 Nf6 4. Bg2 Be7 5. O-O O-O 6. b3 d6 7. Bb2 Qe8 8. Nbd2
Nc6 9. Re1 Ne4 10. c4 Bf6 11. a3 Nxd2 12. Qxd2 e5 13. dxe5 dxe5 14. e4 fxe4 15.
Ng5 Bxg5 16. Qxg5 Qf7 17. Qd2 Bf5 18. Bxe4 Bxe4 19. Rxe4 Na5 20. Re3 b5 21. Rf1
Nc6 22. cxb5 Rad8 23. Qc1 Nd4 24. Qc4 Qxc4 25. bxc4 Nf3+ 26. Kg2 e4 27. Rxe4
Rd2 28. Ba1 Rd7 29. Bc3 Rd3 30. Re3 1-0

[Event "Bad Woerishofen op"]
[Site "?"]
[Date "2003.??.??"]
[Round "2"]
[White "Dittmar, Peter"]
[Black "Gerhards, Walter"]
[Result "1-0"]
[WhiteElo "2320"]
[BlackElo "2140"]
[Annotator "ChessOrg"]
[PlyCount "63"]

1. d4 Nf6 2. c4 e6 3. Nc3 Bb4 4. Qc2 d5 5. cxd5 exd5 6. Bg5 O-O 7. e3 h6 8.
Bxf6 Qxf6 9. Bd3 c6 10. Nge2 Nd7 11. O-O Re8 12. Rad1 Qg5 13. a3 Bf8 14. e4
dxe4 15. Nxe4 Qd8 16. N2c3 Nf6 17. Nxf6+ Qxf6 18. d5 Bg4 19. f3 Bd7 20. Ne4
Qd4+ 21. Kh1 Qb6 22. d6 Rad8 23. Nc5 a5 24. Bc4 Be6 25. Nxe6 fxe6 26. Qg6 Qxb2
27. Bxe6+ Rxe6 28. Qxe6+ Kh8 29. d7 Qxa3 30. Qe8 Qe7 31. Rfe1 Qf6 32. Qxd8 1-0

[Event "Bad Woerishofen op"]
[Site "?"]
[Date "2003.??.??"]
[Round "2"]
[White "von Saldern, Ruediger"]
[Black "Seifert, Volker"]
[Result "0-1"]
[WhiteElo "2143"]
[BlackElo "2310"]
[Annotator "ChessOrg"]
[PlyCount "94"]

1. d4 e6 2. c4 Nf6 3. Nc3 Bb4 4. Qc2 c5 5. e3 O-O 6. Bd3 b6 7. Nf3 Bb7 8. O-O
Bxc3 9. bxc3 d5 10. cxd5 exd5 11. dxc5 bxc5 12. Rb1 Qc7 13. c4 d4 14. exd4 Bxf3
15. gxf3 cxd4 16. Bg5 Nbd7 17. Rfe1 h6 18. Bxf6 Nxf6 19. Be4 Rab8 20. Qd3 Qc5
21. Red1 Rxb1 22. Rxb1 Nxe4 23. fxe4 Rc8 24. Rd1 Qxc4 25. Qxd4 Qxa2 26. Ra1 Qe6
27. e5 a6 28. Kg2 Qc6+ 29. Kg3 Qb7 30. f3 Rc6 31. Ra2 Rg6+ 32. Kf4 Qb1 33. Rb2
Qc1+ 34. Ke4 Rc6 35. Rb8+ Kh7 36. Kd5 Rg6 37. Rb6 Rg1 38. Rc6 Qf1 39. Qe4+ g6
40. Kd6 Qb5 41. Qd4 Qb8+ 42. Kd7 Rb1 43. Rc8 Qb7+ 44. Rc7 Qxf3 45. Ke7 Qf5 46.
Qd5 Kg7 47. Qd4 Qe6+ 0-1

[Event "Bad Woerishofen op"]
[Site "?"]
[Date "2003.??.??"]
[Round "2"]
[White "Thiel, Thomas"]
[Black "Damm, Fabian"]
[Result "1-0"]
[WhiteElo "2309"]
[BlackElo "2130"]
[Annotator "ChessOrg"]
[PlyCount "43"]

1. e4 e5 2. Nf3 Nc6 3. d4 exd4 4. c3 Nf6 5. e5 Nd5 6. cxd4 Bb4+ 7. Nbd2 d6 8.
Bc4 Nb6 9. Bb5 dxe5 10. dxe5 Qd5 11. Qe2 Bf5 12. O-O a6 13. Bxc6+ Qxc6 14. Nd4
Qg6 15. Nxf5 Qxf5 16. Nf3 O-O 17. Rd1 Rfe8 18. Be3 Nd7 19. Qc4 c5 20. e6 Rxe6
21. Nh4 Nb6 22. Qxb4 1-0

[Event "Bad Woerishofen op"]
[Site "?"]
[Date "2003.??.??"]
[Round "2"]
[White "Koenig, Christian"]
[Black "Fischer, Johann"]
[Result "1-0"]
[WhiteElo "2139"]
[BlackElo "2306"]
[Annotator "ChessOrg"]
[PlyCount "51"]

1. d4 Nf6 2. c4 e6 3. Nc3 Bb4 4. Qc2 c5 5. dxc5 Nc6 6. Nf3 O-O 7. Bf4 Bxc5 8.
e3 h6 9. h3 Nh5 10. Bh2 f5 11. Be2 f4 12. Qg6 Rf5 13. Nd5 Nb4 14. Nxb4 Bxb4+
15. Kf1 fxe3 16. Bd3 Nf4 17. Bxf4 Rxf4 18. Qh7+ Kf7 19. Bg6+ Kf6 20. fxe3 Rxf3+
21. gxf3 Qb6 22. Bh5 Qxe3 23. Qg6+ Ke7 24. Qe8+ Kf6 25. Qf7+ Ke5 26. Qxg7+ 1-0

[Event "Bad Woerishofen op"]
[Site "?"]
[Date "2003.??.??"]
[Round "2"]
[White "Minnebo, Alain"]
[Black "Wegemund, Hubert"]
[Result "0-1"]
[WhiteElo "2262"]
[BlackElo "1790"]
[Annotator "ChessOrg"]
[PlyCount "54"]

1. c4 e6 2. Nc3 d5 3. d4 c6 4. e4 dxe4 5. Nxe4 Bb4+ 6. Bd2 Be7 7. Nf3 Nf6 8.
Bd3 Nxe4 9. Bxe4 Nd7 10. O-O Nf6 11. Bc2 O-O 12. Bc3 c5 13. Qd3 cxd4 14. Nxd4
Bd7 15. Rfe1 Rc8 16. Rad1 Re8 17. Nb3 Ba4 18. Qh3 Qc7 19. Rd4 b5 20. cxb5 Bxb5
21. Bxh7+ Nxh7 22. Rg4 Bf6 23. Nd4 Bd7 24. Qh5 Qc5 25. Qh6 e5 26. Ne6 Bxe6 27.
Rxe5 Bxg4 0-1

[Event "Bad Woerishofen op"]
[Site "?"]
[Date "2003.??.??"]
[Round "2"]
[White "Bienhuels, Michael"]
[Black "Schmidt, Andreas"]
[Result "0-1"]
[WhiteElo "1912"]
[BlackElo "2245"]
[Annotator "ChessOrg"]
[PlyCount "72"]

1. Nf3 Nf6 2. g3 g6 3. Bg2 Bg7 4. d3 d5 5. O-O O-O 6. Nbd2 c5 7. e4 d4 8. Qe1
Nc6 9. Nc4 b5 10. e5 Nd5 11. Na3 a6 12. Bf4 h6 13. h4 Nxf4 14. gxf4 Be6 15. Qe2
Bd5 16. c4 dxc3 17. bxc3 Rc8 18. Nc2 e6 19. h5 gxh5 20. Ne3 Bxf3 21. Bxf3 b4
22. Bxc6 Rxc6 23. Kg2 bxc3 24. Rh1 Qd4 25. Qf3 Rb6 26. Rxh5 Qxd3 27. Rg1 Rb1
28. Rxb1 Qxb1 29. f5 exf5 30. Nxf5 Qb6 31. Rh4 Kh8 32. Nxg7 Kxg7 33. Rg4+ Kh8
34. Rf4 Rg8+ 35. Kh2 Qg6 36. Rxf7 c2 0-1

[Event "Bad Woerishofen op"]
[Site "?"]
[Date "2003.??.??"]
[Round "2"]
[White "Pfrommer, Christoph"]
[Black "Oud, Niek"]
[Result "1-0"]
[WhiteElo "2290"]
[BlackElo "2123"]
[Annotator "ChessOrg"]
[PlyCount "73"]

1. e4 c5 2. Nf3 Nc6 3. d4 cxd4 4. Nxd4 Nf6 5. Nc3 d6 6. Bg5 e6 7. Qd2 a6 8.
O-O-O h6 9. Nxc6 bxc6 10. Bf4 d5 11. Qe3 Be7 12. Be2 O-O 13. h4 Qa5 14. Bxh6
gxh6 15. Qxh6 Nh7 16. Rd3 Kh8 17. Rg3 Rg8 18. Rxg8+ Kxg8 19. Rh3 Kh8 20. Rg3
Bf8 21. Qh5 Qc7 22. Bd3 Qf4+ 23. Kb1 Bh6 24. Ne2 Qd2 25. a3 Ra7 26. Qe5+ f6 27.
Qb8 Qe1+ 28. Ka2 Qxf2 29. Qxc8+ Nf8 30. Rf3 Qxh4 31. Rh3 Qg5 32. Qxf8+ Kh7 33.
Qb8 Rg7 34. exd5+ f5 35. dxe6 Re7 36. Qf8 Rg7 37. Bxf5+ 1-0

[Event "Bad Woerishofen op"]
[Site "?"]
[Date "2003.??.??"]
[Round "2"]
[White "Wiedermann, Franz"]
[Black "Pitl, Gregory"]
[Result "1/2-1/2"]
[WhiteElo "2130"]
[BlackElo "2280"]
[Annotator "ChessOrg"]
[PlyCount "141"]

1. d4 c5 2. d5 Nf6 3. Nc3 e5 4. e4 d6 5. Bb5+ Nbd7 6. a4 g6 7. Bg5 Bg7 8. h3 h6
9. Be3 Qa5 10. Kf1 O-O 11. g4 a6 12. Bd3 Qc7 13. b3 Rb8 14. Nge2 Nh7 15. Qd2
Qd8 16. Bxh6 Qh4 17. Bxg7 Kxg7 18. Ng3 Ng5 19. Qe3 Rh8 20. Nce2 Nf6 21. Ng1 b5
22. axb5 axb5 23. f4 exf4 24. Qxf4 c4 25. bxc4 bxc4 26. Bxc4 Nfxe4 27. Nxe4
Nxe4 28. Ra7 Qf6 29. Qxf6+ Kxf6 30. Kg2 Rb1 31. Ra3 Kg7 32. Re3 Nd2 33. Bd3 Bb7
34. c4 Rc1 35. Ne2 Nxc4 36. Rxc1 Nxe3+ 37. Kg3 Nxd5 38. Be4 Re8 39. Bf3 Re3 40.
Kf2 Rb3 41. Nd4 Rb4 42. Rd1 Nc3 43. Rd3 Ne4+ 44. Ke3 Nc5 45. Rc3 Bxf3 46. Nxf3
Re4+ 47. Kf2 Kf6 48. Kg3 Ra4 49. Re3 Ne4+ 50. Kg2 Ra2+ 51. Kg1 d5 52. Rb3 Nd2
53. Rb6+ Kg7 54. Ne5 Nc4 55. Nxc4 dxc4 56. Rc6 Rc2 57. h4 c3 58. h5 gxh5 59.
gxh5 f5 60. Kf1 f4 61. Rg6+ Kh7 62. Rf6 Rc1+ 63. Ke2 Rh1 64. Kd3 Rh3+ 65. Kc2
Rf3 66. Rc6 Re3 67. Rxc3 Rxc3+ 68. Kxc3 Kh6 69. Kd3 Kxh5 70. Ke2 Kg4 71. Kf2
1/2-1/2

[Event "Bad Woerishofen op"]
[Site "?"]
[Date "2003.??.??"]
[Round "2"]
[White "Schuette, Manfred"]
[Black "Schenk, Uwe"]
[Result "1-0"]
[WhiteElo "2280"]
[BlackElo "2116"]
[Annotator "ChessOrg"]
[PlyCount "65"]

1. c4 g6 2. Nc3 Bg7 3. g3 d6 4. d4 Nf6 5. Bg2 O-O 6. Nf3 Nbd7 7. O-O e5 8. Qc2
exd4 9. Nxd4 Re8 10. Rd1 Nc5 11. b4 Ne6 12. Nb3 Ng4 13. f4 c6 14. c5 d5 15. e4
Qf6 16. Rd3 dxe4 17. Nxe4 Qf5 18. Rb1 Nc7 19. h3 Nf6 20. Nd6 Re1+ 21. Kf2 Qe6
22. Qd2 Ne4+ 23. Nxe4 Rxe4 24. Rd8+ Bf8 25. Bb2 f5 26. Bxe4 fxe4 27. Qd4 Kf7
28. Qh8 e3+ 29. Kg1 Ne8 30. Qxh7+ Bg7 31. Bxg7 Nxg7 32. Qg8+ Ke7 33. Qf8# 1-0

[Event "Bad Woerishofen op"]
[Site "?"]
[Date "2003.??.??"]
[Round "2"]
[White "Magar, Johannes"]
[Black "Loew, Gerald"]
[Result "0-1"]
[WhiteElo "2124"]
[BlackElo "2270"]
[Annotator "ChessOrg"]
[PlyCount "82"]

1. e4 c5 2. Nf3 Nc6 3. Bb5 g6 4. Bxc6 bxc6 5. O-O Bg7 6. Re1 f6 7. c3 Nh6 8. d4
cxd4 9. cxd4 Nf7 10. Nc3 O-O 11. Be3 d5 12. Rc1 Be6 13. Qa4 Qb6 14. Qa3 Nd6 15.
Nd2 Bf7 16. Rc2 Nb5 17. Nxb5 cxb5 18. Rec1 dxe4 19. Qxe7 Rfe8 20. Qc7 Qe6 21.
Qb7 a6 22. Rc7 Rab8 23. Qa7 Rbc8 24. Nb3 f5 25. Qb7 Rxc7 26. Rxc7 h6 27. h3 g5
28. Nc5 Qxa2 29. b3 Rf8 30. Ne6 Qa1+ 31. Kh2 Be5+ 32. dxe5 Qxe5+ 33. Bf4 Qxe6
34. Be3 f4 35. Bc5 Re8 36. Rc6 Qe5 37. Rxh6 Qxc5 38. Qxa6 Qe7 39. Qxb5 Qe5 40.
Qd7 e3 41. Qd3 e2 0-1

[Event "Bad Woerishofen op"]
[Site "?"]
[Date "2003.??.??"]
[Round "2"]
[White "Medancic, Rikard"]
[Black "Teich, Udo"]
[Result "1-0"]
[WhiteElo "2268"]
[BlackElo "2104"]
[Annotator "ChessOrg"]
[PlyCount "129"]

1. d4 d5 2. Nf3 Nf6 3. Bg5 c6 4. e3 Bg4 5. h3 Bh5 6. Be2 Nbd7 7. Nbd2 e6 8. c4
Bd6 9. O-O h6 10. Bxf6 Nxf6 11. c5 Bc7 12. b4 O-O 13. Rb1 b5 14. a4 a6 15. Ra1
Qb8 16. Ra3 e5 17. Nxe5 Bxe2 18. Qxe2 Bxe5 19. dxe5 Qxe5 20. Nf3 Qc7 21. Rfa1
Rfb8 22. Nd4 bxa4 23. Rxa4 Ne4 24. Qd3 a5 25. Rxa5 Rxa5 26. bxa5 Rb2 27. Rf1
Qxa5 28. Nxc6 Qxc5 29. Qxd5 Qxd5 30. Ne7+ Kh7 31. Nxd5 Rd2 32. Nb4 Nc3 33. Kh2
Kg6 34. f3 Rb2 35. Rc1 Rb3 36. Nc6 h5 37. Na5 Ra3 38. Nc4 Rb3 39. Na5 Ra3 40.
Nc4 Rb3 41. Ra1 Rb7 42. Ra3 Ne2 43. h4 f6 44. Ra6 Rc7 45. Ne5+ Kh7 46. Nc6 Rd7
47. Ra7 Rxa7 48. Nxa7 Kg6 49. Nc6 Nc3 50. Kg3 Ne2+ 51. Kf2 Nc3 52. e4 Kf7 53.
Ke3 Ke6 54. Nd4+ Kf7 55. f4 g6 56. Ne2 Nb5 57. Kd3 Nd6 58. Nd4 Ke7 59. e5 Ne8
60. Ke4 f5+ 61. Nxf5+ gxf5+ 62. Kxf5 Ng7+ 63. Kg6 Ne6 64. g3 Nd4 65. Kxh5 1-0

[Event "Bad Woerishofen op"]
[Site "?"]
[Date "2003.??.??"]
[Round "2"]
[White "Pohl, Walter"]
[Black "Kauch, Markus"]
[Result "0-1"]
[WhiteElo "2121"]
[BlackElo "2263"]
[Annotator "ChessOrg"]
[PlyCount "94"]

1. e4 c5 2. c4 Nc6 3. Nc3 g6 4. g3 Bg7 5. Bg2 d6 6. d3 Rb8 7. Be3 Qa5 8. Qd2
Nd4 9. Rc1 a6 10. h3 e6 11. f4 Ne7 12. Nf3 Nec6 13. O-O Nxf3+ 14. Rxf3 Nd4 15.
Rff1 O-O 16. g4 f5 17. exf5 gxf5 18. g5 b5 19. b3 Bb7 20. Bxb7 Rxb7 21. Qg2 Qc7
22. Ne2 Nxe2+ 23. Qxe2 Qd7 24. Qf2 Rc7 25. h4 e5 26. fxe5 f4 27. Bd2 f3 28. d4
dxe5 29. d5 e4 30. Bc3 Qg4+ 31. Kh2 e3 32. Qg3 Qxg3+ 33. Kxg3 Bxc3 34. Rxf3 Bd2
35. Rxf8+ Kxf8 36. Rf1+ Kg7 37. Kf3 bxc4 38. bxc4 Rf7+ 39. Ke2 Rxf1 40. Kxf1
Kg6 41. Ke2 Kh5 42. d6 Kxh4 43. d7 Ba5 44. Kxe3 Kxg5 45. Ke4 h5 46. Kd5 h4 47.
Kxc5 h3 0-1

[Event "Bad Woerishofen op"]
[Site "?"]
[Date "2003.??.??"]
[Round "2"]
[White "Poulsen, Martin"]
[Black "Deues, Erik"]
[Result "1-0"]
[WhiteElo "2244"]
[BlackElo "2100"]
[Annotator "ChessOrg"]
[PlyCount "99"]

1. e4 c5 2. Nc3 Nc6 3. Bb5 g6 4. Bxc6 bxc6 5. d3 Bg7 6. f4 d6 7. Nf3 Nf6 8. O-O
O-O 9. Qe1 Qd7 10. Bd2 Nh5 11. f5 gxf5 12. exf5 Qxf5 13. Qxe7 Qe6 14. Rae1 Qxe7
15. Rxe7 Be6 16. Ng5 Bd4+ 17. Kh1 Ng7 18. Nce4 Nf5 19. Nxe6 fxe6 20. Rxe6 d5
21. g4 dxe4 22. gxf5 exd3 23. c3 Bf6 24. Bh6 d2 25. Bxd2 Kf7 26. Rxc6 Rac8 27.
Re6 Rfd8 28. Be1 Rd5 29. Ra6 Rc7 30. c4 Rd3 31. b3 Bd4 32. Bg3 Rb7 33. f6 Rd2
34. Rf5 Re2 35. Rh5 Bxf6 36. Rf5 Rb6 37. Rxb6 axb6 38. Bh4 Re6 39. Kg2 Kg6 40.
Rxf6+ Rxf6 41. Bxf6 Kxf6 42. Kf3 Ke5 43. Ke3 Kf5 44. a3 Kg4 45. b4 Kh3 46. bxc5
bxc5 47. a4 h5 48. a5 h4 49. a6 Kxh2 50. Kf2 1-0

[Event "Bad Woerishofen op"]
[Site "?"]
[Date "2003.??.??"]
[Round "2"]
[White "Belic, Robert"]
[Black "Steinhardt, Stefan"]
[Result "1-0"]
[WhiteElo "1986"]
[BlackElo "2230"]
[Annotator "ChessOrg"]
[PlyCount "49"]

1. e4 Nf6 2. d3 d5 3. Nd2 c5 4. Ngf3 Nc6 5. g3 e6 6. Bg2 Be7 7. O-O b6 8. e5
Nd7 9. Re1 Qc7 10. Qe2 Ba6 11. c4 Nb4 12. Nf1 dxc4 13. dxc4 Rd8 14. a3 Nc6 15.
b3 Nd4 16. Nxd4 cxd4 17. Qg4 Nxe5 18. Qxg7 Ng6 19. h4 Bd6 20. f4 Bf8 21. Rxe6+
Qe7 22. Bc6+ Rd7 23. Bxd7+ Kxd7 24. Rxe7+ Kxe7 25. Qxd4 1-0

[Event "Bad Woerishofen op"]
[Site "?"]
[Date "2003.??.??"]
[Round "2"]
[White "Ross, Matthias"]
[Black "Kluger, Norbert"]
[Result "1/2-1/2"]
[WhiteElo "1796"]
[BlackElo "2198"]
[Annotator "ChessOrg"]
[PlyCount "41"]

1. e4 c5 2. Nf3 d6 3. d4 cxd4 4. c3 d3 5. Bxd3 Nc6 6. O-O g6 7. Be3 Bg7 8. Nbd2
Nf6 9. h3 O-O 10. Nd4 e5 11. Nxc6 bxc6 12. Kh1 Qc7 13. f4 Nh5 14. Qf3 Nxf4 15.
Bxf4 exf4 16. Qxf4 Be6 17. Nf3 Rac8 18. Ng5 Qe7 19. Nxe6 Qxe6 20. Bc2 Qe5 21.
Qxe5 1/2-1/2

[Event "Bad Woerishofen op"]
[Site "?"]
[Date "2003.??.??"]
[Round "2"]
[White "Schuette, Marc"]
[Black "Glas, Stefan"]
[Result "1-0"]
[WhiteElo "2232"]
[BlackElo "2096"]
[Annotator "ChessOrg"]
[PlyCount "133"]

1. e4 c5 2. c3 e5 3. Nf3 d6 4. Bc4 Nc6 5. d4 Bg4 6. Qb3 Qc7 7. Ng5 Bh5 8. dxc5
dxc5 9. f3 h6 10. Nh3 Be7 11. Bb5 Bh4+ 12. g3 Bxf3 13. O-O Bxe4 14. gxh4 Nf6
15. Nf2 Bd5 16. c4 Be6 17. Qf3 O-O-O 18. Bxc6 bxc6 19. b3 Rd4 20. Nc3 Rxh4 21.
Re1 Nh5 22. Nce4 f5 23. Nxc5 e4 24. Qg2 Qe5 25. Be3 f4 26. Qxe4 Qxe4 27. Nfxe4
fxe3 28. Rxe3 Bh3 29. Ng3 Nxg3 30. hxg3 Rd4 31. Rae1 Rhd8 32. Re7 Rd2 33. Rxa7
Rg2+ 34. Kh1 Rxg3 35. Kh2 Rf3 36. Ra8+ Kc7 37. Na6+ Kb7 38. Rxd8 Kxa6 39. Rd6
Kb6 40. Re7 g5 41. Rxh6 g4 42. Re2 Rf4 43. Rh5 Rf3 44. Rd2 Bf1 45. Rg5 Bh3 46.
Rb2 Rf4 47. Kg3 Rf3+ 48. Kh4 Rf8 49. Rc2 Rh8+ 50. Kg3 Rf8 51. b4 Rf4 52. Kh4
Rf1 53. Rg6 Kb7 54. Re2 Rf7 55. c5 Bf1 56. Re3 Bb5 57. Rxg4 Ka6 58. Ra3+ Kb7
59. Kg3 Rd7 60. Kf2 Rd2+ 61. Ke3 Re2+ 62. Kf4 Bc4 63. Rg7+ Kb8 64. Rh3 Rf2+ 65.
Ke5 Re2+ 66. Kd4 Rd2+ 67. Kxc4 1-0